Top 30 : Nekfeu - Statistiques

Statistiques générales
  • Ce quiz a été pris 148 fois
  • Le résultat moyen est 14 sur 30
Statistiques - réponses
Top Titres Featuring % Correct
1 On verra
91%
2 Dans l'univers Vanessa Paradis
82%
11 Les princes MZ, Mallaury
80%
4 Tricheur Damso
74%
7 Princesse Nemir
72%
3 Elle pleut Nemir
69%
15 SPECIAL Laylow, Fousheé
61%
8 Egérie
58%
5 Galatée
58%
10 Ma dope S.Pri Noir
55%
22 Avant tu riais Clara Luciani
51%
6 De l'autre côté Ninho
49%
19 Humanoïde
45%
23 Saturne Sneazzy, S.Pri Noir
42%
20 Squa
42%
14 Nique les clones, Pt. II
38%
21 Les étoiles vagabondes
37%
27 Moins un Dinos
37%
29 Tempête
36%
9 Juste pour voir S.Pri Noir
35%
17 Cheum
32%
24 Éternité Jazzy Bazz
32%
12 Mauvaise graine
32%
26 Risibles amours
31%
18 Ecrire
28%
13 Ken Kaneki
26%
25 Alunissons
23%
16 Energie sombre
16%
30 Chanson d'amour
15%
28 Premier pas
15%
Aucun quiz correspondant
Distribution des résultats
% des personnes avec chaque résultat
Percentile par nombre de réponses
Votre historique - résultats
Vous n’avez pas pris ce quiz